000 00863nmc a2200289 a 4500
003 AR-BaBNM
005 20251128204537.0
008 036019s1981 ||||||||||||||000 | spa||
020 _a950-10-0003-6
040 _cAR-BaBNM
100 1 _aOrbit Negri, Ethel
245 1 0 _aDe la teoría al teatro literario
_bnuevos enfoques para la enseñanza de la lengua y la literatura : esquemas teóricos, análisis textual
260 _aBuenos Aires
_bHuemul
_c1981
300 0 _a238 p.
490 0 _aTextos Huemul
650 4 _aANALISIS LITERARIO
650 4 _aLINGUISTICA
650 4 _aANALISIS LINGUISTICO
650 4 _aTEATRO
650 4 _aEJERCICIOS DE REDACCION
653 0 _aENSENANZA DE LA LITERATURA
700 1 _aFerrero, José María
800 1 _aRiba, Elsa
_edirector
800 1 _aPescetto, Alberto
_edirector
942 _cBK
998 _cisola
999 _c7852
_d7852